Municipios españoles más poblados que comienzan con H - Estadísticas

Estadísticas generales
  • Esta prueba ha sido intentada 524 veces
  • La puntuación promedio es 6 de 20
Estadísticas de respuestas
Población Municipio Comunidad % Correcto
142.968 Huelva Andalucía
95%
53.938 Huesca Aragón
95%
276.617 Hospitalet de Llobregat Cataluña
72%
11.750 Haro La Rioja
56%
16.888 Hondarribia País Vasco
51%
30.499 Hellín Castilla-La Mancha
46%
20.423 Hernani País Vasco
32%
19.834 Humanes de Madrid Com. de Madrid
23%
7.232 Huéscar Andalucía
17%
20.295 Huércal-Overa Andalucía
14%
6.547 Herrera Andalucía
10%
10.689 Huétor Tájar Andalucía
10%
8.405 Herencia Castilla-La Mancha
9%
12.150 Huétor Vega Andalucía
8%
5.543 Haría Canarias
6%
5.551 Huelma Andalucía
6%
18.615 Huércal de Almería Andalucía
6%
8.971 Hoyo de Manzanares Com. de Madrid
5%
6.578 Hinojosa del Duque Andalucía
4%
7.553 Huarte (Uharte) Navarra
3%
No se encontraron pruebas coincidentes
Distribución de puntuación
Porcentaje de gente con cada puntuación
Porcentaje por número respondido
Historial de tus puntuaciones
No has intentado esta prueba.